000 00286nam a22001337a 4500
008 170519b xxu||||| |||| 00| 0 eng d
020 _a0252011481
041 _aeng
080 _a94
100 _a16
101 _aSHH
245 _aCITIZEN AND SOCIALIST
_cDEBS, E.V
942 _2udc
_cBK
999 _c13572
_d13572